[Event "Moscow Open A 2015"]
[Site "Moscow RUS"]
[Date "2015.02.04"]
[Round "5.1"]
[White "Korobov, Anton"]
[Black "Inarkiev, Ernesto"]
[Result "0-1"]
[WhiteTitle "GM"]
[BlackTitle "GM"]
[WhiteElo "2687"]
[BlackElo "2675"]
[WhiteFideId "14105730"]
[BlackFideId "4162722"]
[EventDate "2015.01.31"]

1. d4 Nf6 2. c4 e6 3. Nf3 d5 4. g3 Bb4+ 5. Bd2 Be7 6. Bg2 c6 7. Qc2 O-O 8. O-O
Nbd7 9. Rd1 b6 10. Bf4 Bb7 11. b3 Ne4 12. Ne5 Nxe5 13. dxe5 f5 14. Nc3 Qe8 15.
a3 Rc8 16. Be3 Qf7 17. Nxe4 fxe4 18. f4 c5 19. Bf2 g5 20. e3 Qg6 21. Re1 Kh8 22.
Rad1 gxf4 23. exf4 e3 24. Qxg6 exf2+ 25. Kxf2 hxg6 26. cxd5 exd5 27. Bxd5 Bxd5
28. Rxd5 Rfd8 29. Red1 b5 30. Rxd8+ Rxd8 31. Rxd8+ Bxd8 32. Ke3 Bb6 33. Kd3 Kg7
34. g4 Kf7 35. h4 Ke6 36. Ke4 c4 37. bxc4 bxc4 38. f5+ gxf5+ 39. gxf5+ Ke7 40.
h5 c3 41. Kd3 Bd4 42. e6 Bf6 0-1

[Event "Moscow Open A 2015"]
[Site "Moscow RUS"]
[Date "2015.02.04"]
[Round "5.4"]
[White "Khismatullin, Denis"]
[Black "Xiu, Deshun"]
[Result "0-1"]
[WhiteTitle "GM"]
[BlackTitle "GM"]
[WhiteElo "2673"]
[BlackElo "2543"]
[WhiteFideId "4142578"]
[BlackFideId "8603693"]
[EventDate "2015.01.31"]

1. Nf3 d5 2. g3 g6 3. Bg2 Bg7 4. c4 dxc4 5. Na3 e5 6. O-O e4 7. Ne1 Nf6 8. Nxc4
Nc6 9. b3 O-O 10. Bb2 Nd4 11. Nc2 c5 12. Nxd4 cxd4 13. Ba3 Re8 14. Nd6 Re5 15.
d3 Bf8 16. Nc4 Re8 17. Bxf8 Kxf8 18. Qd2 Bf5 19. Rad1 exd3 20. exd3 Nd5 21. Be4
Bxe4 22. dxe4 Nc3 23. Qh6+ Kg8 24. f3 Nxd1 25. Rxd1 b5 26. Ne3 f5 27. Qf4 fxe4
28. Ng4 Rf8 29. Qe5 h5 30. Qxe4 Qe8 31. Ne5 Rd8 32. f4 Rf6 33. Rxd4 Rfd6 34.
Rxd6 Rxd6 35. Qc2 Qd8 36. Nf3 Rd1+ 37. Kf2 Qd3 38. Qxd3 Rxd3 39. Ke2 Rc3 40. Nd4
b4 41. Kd2 a6 42. Nc2 a5 43. Ne3 Kg7 44. Nd5 Rc5 45. Ne3 Kf6 46. Kd1 Ke6 47. Kd2
Rc6 48. Nc4 Kd5 49. Kd3 Re6 50. Ne5 Ra6 51. Ke3 g5 52. Nd3 Re6+ 53. Ne5 Re8 54.
Kd3 g4 55. Ke3 a4 56. Kd3 axb3 57. axb3 Ra8 58. Nd7 Ra3 59. Nf6+ Ke6 60. Nxh5
Kf5 61. Ng7+ Kg6 62. Ne6 Rxb3+ 63. Kc4 Rb2 64. Ng5 Rxh2 65. Kxb4 Re2 66. Kc4 Re3 0-1

[Event "Moscow Open A 2015"]
[Site "Moscow RUS"]
[Date "2015.02.04"]
[Round "5.5"]
[White "Tabatabaei, M.amin"]
[Black "Grachev, Boris"]
[Result "0-1"]
[WhiteTitle "FM"]
[BlackTitle "GM"]
[WhiteElo "2444"]
[BlackElo "2670"]
[WhiteFideId "12521213"]
[BlackFideId "4129199"]
[EventDate "2015.01.31"]

1. e4 c5 2. Nf3 e6 3. d4 cxd4 4. Nxd4 Nc6 5. Nc3 a6 6. Nxc6 bxc6 7. Bd3 d5 8.
O-O Nf6 9. Qf3 Be7 10. Qg3 Nh5 11. Qg4 g6 12. exd5 cxd5 13. Bh6 Bf8 14. Qd4 Qf6
15. Qa4+ Bd7 16. Bb5 Bxh6 17. Bxd7+ Kf8 18. Bc6 Rb8 19. Qxa6 Kg7 20. Rab1 Rhc8
21. Bb5 Ra8 22. Qb7 Rab8 23. Qa6 Bd2 24. g3 Ra8 25. Qd6 Rd8 26. Qb6 Rdb8 27. Qd6
Rd8 28. Qb6 Rab8 29. Qa6 Bxc3 30. bxc3 Ra8 31. Qb6 Rxa2 32. Bd3 Rc8 33. Qb3 Ra5
34. c4 dxc4 35. Bxc4 Rac5 36. Bd3 R8c7 37. Qa4 Qe7 38. Rfe1 Nf6 39. c4 Qd7 40.
Qxd7 Nxd7 41. Rb5 R5c6 42. Bf1 Kf6 43. f4 Ra6 44. Rb2 h6 45. Kf2 g5 46. Kf3 Nc5
47. fxg5+ hxg5 48. h4 gxh4 49. gxh4 Rc8 50. h5 Rh8 51. Rh2 Nd7 52. Be2 Ra3+ 53.
Ke4 Ke7 54. h6 f5+ 55. Kf4 Kf6 56. Bf3 e5+ 57. Kg3 e4 58. Rf1 Ne5 59. Kf4 Rg8
60. h7 Rg4+ 0-1

[Event "Moscow Open A 2015"]
[Site "Moscow RUS"]
[Date "2015.02.04"]
[Round "5.6"]
[White "Fedoseev, Vladimir3"]
[Black "Kuderinov, Kirill"]
[Result "1/2-1/2"]
[WhiteTitle "GM"]
[BlackTitle "IM"]
[WhiteElo "2668"]
[BlackElo "2452"]
[WhiteFideId "24130737"]
[BlackFideId "13701568"]
[EventDate "2015.01.31"]

1. d4 Nf6 2. c4 g6 3. Nc3 Bg7 4. e4 d6 5. Be2 O-O 6. Nf3 e5 7. d5 a5 8. O-O Na6
9. Be3 Ng4 10. Bg5 f6 11. Bh4 Nh6 12. Ne1 g5 13. Bg3 f5 14. f3 Nc5 15. Bf2 f4
16. a3 a4 17. Bxc5 dxc5 18. Nxa4 b6 19. Nd3 Nf7 20. b4 Nd6 21. bxc5 Nxc4 22. Rf2
b5 23. Nc3 Ne3 24. Qb3 g4 25. fxg4 Bxg4 26. Bxg4 Nxg4 27. Rf3 Kh8 28. Nxb5 Rb8
29. c6 Qh4 30. h3 Ne3 31. a4 Rg8 32. d6 Bf8 33. Nxe5 Rxg2+ 34. Kh1 Rg3 35. Nf7+
Kg7 36. Rxg3+ fxg3 37. Qe6 Bxd6 38. Nbxd6 cxd6 39. Ng5 Qxg5 40. Qd7+ Kh6 41.
Qxd6+ Kh5 42. c7 Rb2 1/2-1/2

[Event "Moscow Open A 2015"]
[Site "Moscow RUS"]
[Date "2015.02.04"]
[Round "5.7"]
[White "Zakhartsov, Vladimir"]
[Black "Petrosian, Tigran L."]
[Result "1/2-1/2"]
[WhiteTitle "IM"]
[BlackTitle "GM"]
[WhiteElo "2421"]
[BlackElo "2663"]
[WhiteFideId "4145097"]
[BlackFideId "13301616"]
[EventDate "2015.01.31"]

1. e4 d6 2. d4 g6 3. Nc3 Bg7 4. f4 Nf6 5. Nf3 O-O 6. Bd3 Na6 7. e5 dxe5 8. dxe5
Nd5 9. Bxa6 Nxc3 10. Qxd8 Rxd8 11. Bd3 Na4 12. b3 Nc5 13. Be2 Bf5 14. Be3 Ne6
15. c3 c5 16. Bc4 b6 17. h3 Nc7 18. Kf2 Nd5 19. Bxd5 Rxd5 20. Rhd1 Rad8 21. Rxd5
Rxd5 22. c4 Rd8 23. Ke2 Bd3+ 24. Ke1 Be4 25. Kf2 f6 26. exf6 exf6 27. Re1 Kf7
28. Re2 Bf8 29. Bc1 Bc6 30. Bb2 Bd6 31. Rd2 Rd7 32. g3 Bc7 33. Rxd7+ Bxd7 34. h4
Ke6 35. Nh2 h5 36. Nf1 Bc6 37. Ne3 Be4 38. Nd1 a6 39. Nc3 Bc6 40. Ke3 Bd8 41.
Ne4 Be7 42. Nc3 g5 43. fxg5 fxg5 44. hxg5 Bxg5+ 45. Kf2 b5 46. cxb5 axb5 47. Ne2
Be8 48. Bc1 Be7 49. Kf3 Kf5 50. Bf4 b4 51. Ke3 Kg4 52. Kf2 Bg6 53. Bc1 Bf7 54.
Bf4 c4 55. bxc4 Bxc4 56. Nc1 Bd5 57. Bc7 Bc5+ 58. Ke1 Kf3 59. Nd3 Bf8 60. Ba5
Bd6 61. Nxb4 Bc4 62. Kd2 Bxg3 63. Bd8 Bb5 64. Nc2 Ke4 65. Kc3 Bd6 66. Nb4 Be5+
67. Kb3 Be2 68. Nc6 Bd6 69. Kc3 Bb5 70. Nb4 Bg3 71. Kb3 Be2 72. Nc6 Kd5 73. Ne7+
Ke6 74. Ng6 Bd3 75. Nh4 Be4 76. Kc3 Bf2 77. Kd2 Bc5 78. a4 Kd7 79. Bg5 Bc6 80.
Nf5 Bb4+ 81. Ke2 Be4 82. Ng3 Bg6 83. Kf3 Ba5 84. Ke2 Ke6 85. Nxh5 Bxh5+ 86. Kd3
Kd5 87. Kc2 Kc4 88. Bf6 Bc7 89. Kb2 Kb4 90. Ka1 Kb3 91. Bh8 Ba5 92. Bg7 Kxa4 1/2-1/2

[Event "Moscow Open A 2015"]
[Site "Moscow RUS"]
[Date "2015.02.04"]
[Round "5.8"]
[White "Artemiev, Vladislav"]
[Black "Iljushin, Alexei"]
[Result "1/2-1/2"]
[WhiteTitle "GM"]
[BlackTitle "GM"]
[WhiteElo "2659"]
[BlackElo "2515"]
[WhiteFideId "24101605"]
[BlackFideId "4122178"]
[EventDate "2015.01.31"]

1. e4 c6 2. Nc3 d5 3. Nf3 Bg4 4. h3 Bxf3 5. Qxf3 e6 6. d4 Nf6 7. Bd3 dxe4 8.
Nxe4 Nxe4 9. Qxe4 Nd7 10. c3 Nf6 11. Qe2 Bd6 12. O-O Qc7 13. Qf3 O-O 14. Bg5 Be7
15. Rfe1 Rad8 16. Bc2 Nd5 17. Qe4 g6 18. Bh6 Rfe8 19. Rad1 Bf8 20. Bg5 Be7 21.
Bc1 Bf6 22. Qf3 Bg7 23. Bg5 Rc8 24. Bb3 b5 25. h4 a5 26. a3 h6 27. Bc1 Red8 28.
Re2 b4 29. Bc2 bxc3 30. bxc3 Qe7 31. c4 Nb6 32. Qb3 Qc7 33. h5 g5 34. Be3 c5 35.
d5 exd5 36. cxd5 a4 37. Qa2 c4 38. Bxb6 Qxb6 39. Bxa4 Qc5 40. Qd2 Qxa3 41. Bc2
Rd6 42. Qe1 Qa8 43. Rb1 Bf6 44. Rb5 Kg7 45. Qd2 Qa6 46. Qb4 Rcd8 47. Ra5 Qb6 48.
Rb5 Qd4 49. Re4 Qa1+ 50. Re1 Qc3 51. Qxc3 Bxc3 52. Re4 Rxd5 1/2-1/2

[Event "Moscow Open A 2015"]
[Site "Moscow RUS"]
[Date "2015.02.04"]
[Round "5.9"]
[White "Mamedov, Rauf"]
[Black "Petrov, Nikita"]
[Result "1-0"]
[WhiteTitle "GM"]
[BlackTitle "IM"]
[WhiteElo "2642"]
[BlackElo "2436"]
[WhiteFideId "13401653"]
[BlackFideId "4101286"]
[EventDate "2015.01.31"]

1. e4 c5 2. Nf3 e6 3. c3 Nf6 4. e5 Nd5 5. Bc4 d6 6. d4 cxd4 7. cxd4 Nc6 8. O-O
Be7 9. Qe2 O-O 10. Nc3 dxe5 11. dxe5 Nxc3 12. bxc3 Qa5 13. Bd2 Rd8 14. Bd3 Qc7
15. Rad1 b6 16. Qe4 g6 17. Bh6 Bb7 18. Qf4 Rd7 19. Be4 Rad8 20. Rxd7 Rxd7 21. h4
f6 22. Qg4 Kf7 23. h5 g5 24. exf6 Bxf6 25. Re1 Ke8 1-0

[Event "Moscow Open A 2015"]
[Site "Moscow RUS"]
[Date "2015.02.04"]
[Round "5.11"]
[White "Sjugirov, Sanan"]
[Black "Potapov, Pavel"]
[Result "1/2-1/2"]
[WhiteTitle "GM"]
[BlackTitle "IM"]
[WhiteElo "2678"]
[BlackElo "2474"]
[WhiteFideId "4189302"]
[BlackFideId "4169786"]
[EventDate "2015.01.31"]

1. Nf3 f5 2. d3 d6 3. e4 e5 4. Nc3 c5 5. g3 Nf6 6. Bg5 Be7 7. Bh3 Nc6 8. exf5
O-O 9. Qd2 Nd4 10. Nxd4 cxd4 11. Ne2 Nd5 12. Bxe7 Qxe7 13. Bg2 Nf6 14. O-O Bxf5
15. c3 dxc3 16. Nxc3 Qd7 17. d4 e4 18. Rae1 Rae8 19. f3 exf3 20. Bxf3 Bh3 21.
Rxe8 Rxe8 22. Re1 b6 23. Nd5 Rxe1+ 24. Qxe1 Nxd5 25. Bxd5+ Kf8 26. Qf2+ Qf5 27.
Be4 Qxf2+ 28. Kxf2 h6 29. Ke3 Ke7 30. a3 Bd7 31. h4 Kf6 32. Kf4 Be8 33. Bd3 g5+
34. hxg5+ hxg5+ 35. Ke3 Bc6 36. Bc2 Ke6 37. Bh7 Kf6 38. Bc2 Ke6 39. Bh7 Kf6 40.
Bc2 1/2-1/2

[Event "Moscow Open A 2015"]
[Site "Moscow RUS"]
[Date "2015.02.04"]
[Round "5.12"]
[White "Chekhov, Sergei"]
[Black "Kokarev, Dmitry"]
[Result "1/2-1/2"]
[WhiteTitle "IM"]
[BlackTitle "GM"]
[WhiteElo "2470"]
[BlackElo "2645"]
[WhiteFideId "4195639"]
[BlackFideId "4132181"]
[EventDate "2015.01.31"]

1. e4 c5 2. c3 Nf6 3. e5 Nd5 4. d4 cxd4 5. Nf3 Nc6 6. Bc4 Nb6 7. Bb3 d5 8. exd6
Qxd6 9. O-O Be6 10. Na3 dxc3 11. Nb5 Qxd1 12. Rxd1 Rc8 13. Bxe6 fxe6 14. Nxc3 g6
15. Ng5 e5 16. Ne6 Nc4 17. Ne4 Kf7 18. N6g5+ Ke8 19. Ne6 Kf7 20. N6g5+ Kg8 21.
Ne6 Kf7 1/2-1/2

[Event "Moscow Open A 2015"]
[Site "Moscow RUS"]
[Date "2015.02.04"]
[Round "5.13"]
[White "Bukavshin, Ivan"]
[Black "Airapetian, Gor"]
[Result "1-0"]
[WhiteTitle "GM"]
[BlackTitle "IM"]
[WhiteElo "2622"]
[BlackElo "2470"]
[WhiteFideId "4199758"]
[BlackFideId "4177916"]
[EventDate "2015.01.31"]

1. Nf3 d5 2. g3 Nf6 3. Bg2 c6 4. O-O Bg4 5. d3 Nbd7 6. Qe1 e5 7. e4 dxe4 8. dxe4
Bc5 9. Nbd2 O-O 10. h3 Bh5 11. Nb3 Bb6 12. a4 a5 13. Nbd2 Re8 14. Nc4 Bc7 15.
Bd2 Nc5 16. Nh4 Ne6 17. Nf5 Nd4 18. Nxd4 Qxd4 19. b3 Qd8 20. f3 Nd7 21. h4 f6
22. Bh3 Bf7 23. Nxa5 Nc5 24. b4 Bxa5 25. bxa5 Be6 26. Bg2 Bc4 27. Rf2 Ne6 28.
Rb1 Re7 29. Bc3 c5 30. Qe3 Qe8 31. Ra1 Rd8 32. Kh2 Nd4 33. Be1 Ba6 34. Qa3 Rc7
35. Rd1 Rcd7 36. Rdd2 Qe7 37. Kh1 Nc6 38. Rxd7 Rxd7 39. Bd2 Nd4 40. Be3 Bc4 41.
Kh2 h6 42. Qc3 Qf7 43. Bh3 Rc7 44. Bg2 Rd7 45. Qb2 Qe7 46. Qb6 Rc7 47. Rd2 f5
48. exf5 Nxf5 49. Bf2 Nd4 50. c3 Ne6 51. Qb1 Rd7 52. Rb2 Bd5 53. Qf5 Qf6 54.
Qxf6 gxf6 55. Bh3 Rd6 56. Bg4 e4 57. Rd2 1-0

[Event "Moscow Open A 2015"]
[Site "Moscow RUS"]
[Date "2015.02.04"]
[Round "5.14"]
[White "Volkov, Sergey"]
[Black "Kanmazalp, Ogulcan"]
[Result "1-0"]
[WhiteTitle "GM"]
[BlackTitle "IM"]
[WhiteElo "2618"]
[BlackElo "2457"]
[WhiteFideId "4122763"]
[BlackFideId "6304990"]
[EventDate "2015.01.31"]

1. d4 Nf6 2. c4 g6 3. Nc3 d5 4. cxd5 Nxd5 5. e4 Nxc3 6. bxc3 Bg7 7. Be3 c5 8.
Qd2 Qa5 9. Rc1 cxd4 10. cxd4 Qxd2+ 11. Kxd2 O-O 12. Bb5 Nc6 13. Ne2 Rd8 14. Bxc6
bxc6 15. Rhd1 f5 16. Ke1 fxe4 17. Rxc6 Rd7 18. Rdc1 Bb7 19. Rc7 Rad8 20. R1c5
Kf7 21. Nc3 Ke8 22. Rxd7 Rxd7 23. Ra5 a6 24. Na4 Bxd4 25. Bxd4 Rxd4 26. Nc5 Rb4
27. Ke2 Kf7 28. Ke3 Rb2 29. a4 h5 30. h4 Rb4 31. g3 Rb6 32. Nxb7 Rxb7 33. Rxa6
Rb4 34. a5 Ra4 35. Kf4 Ra2 36. Ke3 e6 37. Ra8 Ra4 38. a6 e5 39. Kd2 Ra2+ 40. Kc3
Kg7 41. Kb3 Ra1 42. Kc4 Ra2 43. a7 Ra5 44. Kb4 Ra2 45. Kb5 Rb2+ 46. Kc6 Ra2 47.
Kd5 Ra5+ 48. Kxe4 Kh7 49. f3 Kg7 50. Kd3 Ra4 51. Kc3 Ra1 52. Kb4 Ra2 53. Kb5 Ra1
54. Kb6 Rb1+ 55. Kc6 Rc1+ 56. Kd6 Rd1+ 57. Ke7 Ra1 58. Ke6 Ra5 59. Kd6 Ra6+ 60.
Kd5 Ra1 61. Kc5 Rc1+ 62. Kd6 Rd1+ 63. Kxe5 Re1+ 64. Kf4 Ra1 65. g4 Ra4+ 66. Kg3
hxg4 67. f4 Ra3+ 68. Kxg4 Ra5 69. h5 gxh5+ 70. Kh4 1-0

[Event "Moscow Open A 2015"]
[Site "Moscow RUS"]
[Date "2015.02.04"]
[Round "5.15"]
[White "Makhmutov, Rail"]
[Black "Shimanov, Aleksandr"]
[Result "1-0"]
[WhiteTitle "FM"]
[BlackTitle "GM"]
[WhiteElo "2428"]
[BlackElo "2591"]
[WhiteFideId "4122151"]
[BlackFideId "4198603"]
[EventDate "2015.01.31"]

1. d4 Nf6 2. c4 c5 3. d5 b5 4. cxb5 a6 5. bxa6 g6 6. Nc3 Bg7 7. e4 O-O 8. Nf3
Qa5 9. Bd2 Bxa6 10. Be2 d6 11. O-O Bxe2 12. Qxe2 Qa6 13. Rfe1 Nbd7 14. Qxa6 Rxa6
15. e5 Ng4 16. exd6 exd6 17. h3 Nge5 18. Nxe5 Nxe5 19. b3 Nd3 20. Re2 Nb4 21.
Rd1 Nxa2 22. Nxa2 Rxa2 23. Kf1 Be5 24. b4 Rxd2 25. Rexd2 cxb4 26. Rb1 Bc3 27.
Ra2 Kg7 28. Ra6 Rd8 29. Ke2 Kf6 30. f4 h5 31. Kf3 Rd7 32. Rb6 Ke7 33. g4 hxg4+
34. hxg4 Ra7 35. Rh1 Bd2 36. Rh2 Bc3 37. Ke4 Rc7 38. Ra2 Rc4+ 39. Kf3 Bd4 40.
Re2+ Kf8 41. Rxd6 b3 42. Rc6 Rb4 43. Rc8+ Kg7 44. Rc1 b2 45. Rb1 g5 46. d6 Bf6
47. fxg5 Bxg5 48. Rexb2 Rd4 49. Rb6 Bf4 50. d7 Bc7 51. Rb7 Rd3+ 52. Ke4 Rxd7 53.
Rc1 Bf4 54. Rxd7 Bxc1 55. Kf5 Bb2 56. Rd6 Bc3 57. Kg5 Bb2 58. Kf4 Bc3 59. Ke4
Bb2 60. Rc6 Bf6 61. Kf5 Bb2 62. Rc7 Bd4 63. g5 Kf8 64. Kg4 Be5 65. Rb7 Bc3 66.
Kh5 Kg8 67. Ra7 Bb2 68. Ra2 Bd4 69. Ra4 Bc3 70. Rf4 Kg7 71. Re4 Bb2 72. Re7 Kg8
73. Rb7 Bc3 74. Rd7 Bb2 75. g6 fxg6+ 76. Kxg6 Kf8 77. Kf5 Bc3 78. Ke6 Bb2 79.
Rf7+ Kg8 80. Ke7 Ba3+ 81. Kf6 1-0

[Event "Moscow Open A 2015"]
[Site "Moscow RUS"]
[Date "2015.02.04"]
[Round "5.16"]
[White "Usmanov, Vasily"]
[Black "Grigoriants, Sergey"]
[Result "1/2-1/2"]
[WhiteTitle "IM"]
[BlackTitle "GM"]
[WhiteElo "2414"]
[BlackElo "2567"]
[WhiteFideId "4135741"]
[BlackFideId "4130804"]
[EventDate "2015.01.31"]

1. Nf3 Nf6 2. c4 e6 3. g3 a6 4. Bg2 b5 5. b3 Bb7 6. O-O Be7 7. Bb2 O-O 8. Qc2 h6
9. d3 d6 10. Nbd2 c5 11. a3 Nbd7 12. b4 Rc8 13. Rfc1 Qb6 14. Rab1 Qa7 15. bxc5
Nxc5 16. Qd1 Bc6 17. Bd4 Qa8 18. cxb5 axb5 19. Nb3 Nfd7 20. Bc3 Nxb3 21. Qxb3
Nc5 22. Qd1 Qxa3 23. Nd4 Bxg2 24. Ra1 Qxa1 25. Bxa1 Bd5 26. e4 Bb7 27. Rb1 Ba6
28. Qg4 Bf6 29. Nc6 e5 30. Nb4 Bb7 31. f4 Ne6 32. Nd5 Bxd5 33. exd5 Nd4 34. fxe5
dxe5 35. Bxd4 exd4 36. d6 Rb8 37. Qf5 b4 38. Qd5 Rfd8 39. d7 b3 40. Rb2 Rb6 41.
Kg2 Be7 42. Re2 Bf8 43. Re8 Rbb8 44. Rxd8 Rxd8 45. Qxd4 Be7 46. Qb6 Rxd7 47.
Qxb3 Bf6 48. Qb5 Rd8 49. h4 g6 50. h5 gxh5 51. Qf5 Kg7 52. Kf3 Rd4 53. Ke3 h4
54. gxh4 Rxh4 55. Kd2 1/2-1/2

[Event "Moscow Open A 2015"]
[Site "Moscow RUS"]
[Date "2015.02.04"]
[Round "5.17"]
[White "Gabrielian, Artur"]
[Black "Sanal, Vahap"]
[Result "1-0"]
[WhiteTitle "GM"]
[BlackTitle "IM"]
[WhiteElo "2554"]
[BlackElo "2460"]
[WhiteFideId "4131002"]
[BlackFideId "6300545"]
[EventDate "2015.01.31"]

1. e4 e5 2. Nf3 Nc6 3. Nc3 Nf6 4. Bb5 Bd6 5. O-O O-O 6. d3 h6 7. a3 Re8 8. Be3
Bf8 9. Nd5 d6 10. c4 Bd7 11. Rc1 Ng4 12. Bd2 Nf6 13. h3 a6 14. Ba4 Rb8 15. Re1
g6 16. b4 b5 17. Bb3 Bg7 18. Rc2 Nxd5 19. cxd5 Ne7 20. Qc1 Kh7 21. Rxc7 f5 22.
d4 Rc8 23. Rxc8 Nxc8 24. exf5 gxf5 25. dxe5 dxe5 26. Bc3 e4 27. Bxg7 Kxg7 28.
Nd4 Qf6 29. Qc5 Qe5 30. Rd1 1-0

[Event "Moscow Open A 2015"]
[Site "Moscow RUS"]
[Date "2015.02.04"]
[Round "5.18"]
[White "Ibragimov, Ildar"]
[Black "Atabayev, Yusup"]
[Result "1/2-1/2"]
[WhiteTitle "GM"]
[BlackTitle "IM"]
[WhiteElo "2548"]
[BlackElo "2415"]
[WhiteFideId "4102878"]
[BlackFideId "14001128"]
[EventDate "2015.01.31"]

1. d4 Nf6 2. c4 c5 3. d5 e6 4. Nc3 exd5 5. cxd5 d6 6. e4 g6 7. h3 Bg7 8. Nf3 O-O
9. Bd3 a6 10. O-O b5 11. Re1 Re8 12. Bf4 c4 13. Bc2 Nh5 14. Bg5 Bf6 15. Be3 Nd7
16. Nd4 Bb7 17. g4 Ng7 18. a3 Rc8 19. f4 Nc5 20. Qf3 Qa5 21. g5 Bd8 22. Na2 Qc7
23. Nb4 Qd7 24. Rad1 Bb6 25. Kg2 Qc7 26. Nbc6 Nd7 27. b4 cxb3 28. Bxb3 Bc5 29.
a4 Qb6 30. axb5 axb5 31. Bg1 Ra8 32. e5 dxe5 33. fxe5 Bxc6 34. dxc6 Nxe5 35.
Rxe5 Rxe5 36. Bxf7+ Kh8 37. Qf6 Qc7 38. Nxb5 Qe7 39. Qxe7 Bxe7 40. Nc7 Rxg5+ 41.
Kh2 Rd8 42. Rxd8+ Bxd8 43. Na6 Rf5 44. Bc4 Rf4 45. Bd5 Ne8 46. Be3 Ra4 47. Nc5
Rb4 48. Nd3 Ra4 49. Nc5 Rb4 1/2-1/2

[Event "Moscow Open A 2015"]
[Site "Moscow RUS"]
[Date "2015.02.04"]
[Round "5.19"]
[White "Eliseev, Urii"]
[Black "Sharafiev, Azat"]
[Result "1/2-1/2"]
[WhiteTitle "GM"]
[BlackTitle "IM"]
[WhiteElo "2518"]
[BlackElo "2395"]
[WhiteFideId "24131920"]
[BlackFideId "4186214"]
[EventDate "2015.01.31"]

1. e4 e5 2. Nf3 Nc6 3. Bb5 Nf6 4. d3 Bc5 5. Nbd2 d6 6. O-O Bd7 7. c3 O-O 8. b4
Bb6 9. Nc4 Ne7 10. Bxd7 Qxd7 11. a4 c6 12. b5 Bc7 13. Bg5 Qe6 14. Rb1 Ng6 15.
Ne3 Bb6 16. Nc4 Bc7 17. bxc6 bxc6 18. Bxf6 Qxf6 19. Ne3 Qe6 20. Ng5 Qf6 21. Nf3
Qe6 22. Ng5 1/2-1/2

[Event "Moscow Open A 2015"]
[Site "Moscow RUS"]
[Date "2015.02.04"]
[Round "5.20"]
[White "Atabayev, Maksat"]
[Black "Kozionov, Kirill"]
[Result "1/2-1/2"]
[WhiteTitle "IM"]
[BlackTitle "IM"]
[WhiteElo "2496"]
[BlackElo "2391"]
[WhiteFideId "14001101"]
[BlackFideId "24101729"]
[EventDate "2015.01.31"]

1. e4 e5 2. Nf3 Nc6 3. Bb5 Nf6 4. d3 Bc5 5. Bxc6 dxc6 6. O-O Bg4 7. Be3 Bd6 8.
Nbd2 O-O 9. h3 Bh5 10. Re1 c5 11. Nf1 Re8 12. Ng3 Bg6 13. Nd2 Nd7 14. Qg4 f6 15.
Nf5 Kh8 16. h4 Rg8 17. h5 Bf7 18. Nf1 Nf8 19. N1g3 Ne6 20. c3 Qe8 21. Rad1 Rd8
22. Qf3 h6 23. b3 a5 24. Nxh6 gxh6 25. Qxf6+ Rg7 26. Bxh6 Qe7 27. Bxg7+ Nxg7 28.
Qh6+ Kg8 29. d4 cxd4 30. Rd3 Qe6 31. Qc1 Kh7 32. cxd4 Rg8 33. d5 Qh6 34. Qxh6+
Kxh6 35. Ree3 Bxh5 36. Rc3 Bg4 37. Rc4 Rf8 38. Rec3 Rf7 39. a4 Nh5 40. Nxh5 Kxh5
41. Rc2 1/2-1/2

[Event "Moscow Open A 2015"]
[Site "Moscow RUS"]
[Date "2015.02.04"]
[Round "5.21"]
[White "Oganian, Miran"]
[Black "Matsenko, Sergei"]
[Result "1-0"]
[WhiteTitle "FM"]
[BlackTitle "IM"]
[WhiteElo "2347"]
[BlackElo "2489"]
[WhiteFideId "4122488"]
[BlackFideId "4170083"]
[EventDate "2015.01.31"]

1. d4 Nf6 2. c4 e6 3. g3 d5 4. Nf3 a6 5. Bg2 dxc4 6. Ne5 c5 7. Nxc4 cxd4 8. Qb3
Bc5 9. O-O O-O 10. Rd1 Nbd7 11. Nbd2 Rb8 12. Nf3 b5 13. Nce5 Bb7 14. Nxd7 Qxd7
15. Bf4 Rbc8 16. Be5 Bd5 17. Qd3 Be4 18. Qd2 Rfd8 19. Qg5 Ne8 20. Qh4 Bxf3 21.
Bxf3 f6 22. Bxd4 g5 23. Qh3 Bxd4 24. e3 f5 25. Qf1 Qg7 26. exd4 g4 27. Bg2 Rc2
28. Qd3 Rxb2 29. Qc3 Re2 30. Kf1 Re4 31. Bxe4 fxe4 32. Qc6 Nd6 33. Kg1 Qf6 34.
Rac1 Rf8 35. Rf1 Rd8 36. d5 e5 37. Qxa6 Qf7 38. Qb6 Rd7 39. Rfd1 Qf3 40. Qe3
Qxe3 41. fxe3 Nc4 42. d6 Kf7 43. Rd5 Ke6 44. Rxb5 Nxe3 45. a4 Nf5 46. Rcc5 Nd4
47. Rxe5+ Kf6 48. Rxe4 Nxb5 49. axb5 Rxd6 50. Rb4 Rb6 51. Kf2 h5 52. Ke3 Kg5 53.
Rb1 Kf5 54. Kd4 Ke6 55. Ke4 Kd7 56. Rd1+ Kc7 57. Rd5 Re6+ 58. Kf4 Rh6 59. Kg5
Rh8 60. Kh4 1-0

[Event "Moscow Open A 2015"]
[Site "Moscow RUS"]
[Date "2015.02.04"]
[Round "5.22"]
[White "Palachev, Petr"]
[Black "Kharchenko, Boris"]
[Result "0-1"]
[WhiteTitle "FM"]
[BlackTitle "GM"]
[WhiteElo "2300"]
[BlackElo "2483"]
[WhiteFideId "24129003"]
[BlackFideId "14113210"]
[EventDate "2015.01.31"]

1. d4 d5 2. c4 c6 3. Nf3 Nf6 4. e3 Bf5 5. Nc3 e6 6. Nh4 Be4 7. f3 Bg6 8. Qb3 Qb6
9. Nxg6 hxg6 10. cxd5 exd5 11. e4 Bb4 12. e5 Nh5 13. a3 Bxc3+ 14. Qxc3 Ng3 15.
Rg1 Nf5 16. Be3 Nxe3 17. Qxe3 Qxb2 18. Rd1 Nd7 19. Rd2 Qb1+ 20. Kf2 Qf5 21. Bd3
Qh5 22. Rb1 Nf8 23. h3 Ne6 24. Rxb7 O-O 25. Kg3 Rfb8 26. Ba6 c5 27. dxc5 Nxc5
28. Rxb8+ Rxb8 29. Bd3 d4 30. Qe2 Qg5+ 31. Kh2 Nxd3 32. Rxd3 Qf4+ 33. g3 Qc1 34.
Rd1 Qc3 0-1

[Event "Moscow Open A 2015"]
[Site "Moscow RUS"]
[Date "2015.02.04"]
[Round "5.23"]
[White "Matinian, Nikita"]
[Black "Lomasov, Semen"]
[Result "1-0"]
[WhiteTitle "IM"]
[BlackTitle "FM"]
[WhiteElo "2475"]
[BlackElo "2305"]
[WhiteFideId "24129100"]
[BlackFideId "24164879"]
[EventDate "2015.01.31"]

1. d4 Nf6 2. Nf3 b5 3. Bg5 Bb7 4. Nbd2 a6 5. e3 e6 6. a4 b4 7. Bd3 Be7 8. O-O
O-O 9. c3 a5 10. e4 h6 11. Bh4 d5 12. e5 Ne4 13. Bxe7 Qxe7 14. Rc1 bxc3 15. bxc3
Nxd2 16. Qxd2 Ba6 17. c4 dxc4 18. Bxc4 Bb7 19. Rc3 Na6 20. Re1 Nb4 21. Bb3 Bxf3
22. Rxf3 Rfd8 23. Rg3 Qh4 24. f4 Nd5 25. Bxd5 Rxd5 1-0

[Event "Moscow Open A 2015"]
[Site "Moscow RUS"]
[Date "2015.02.04"]
[Round "5.24"]
[White "Alekseev, Evgeny"]
[Black "Nozdrachev, Leonid"]
[Result "1-0"]
[WhiteTitle "GM"]
[BlackTitle "FM"]
[WhiteElo "2679"]
[BlackElo "2413"]
[WhiteFideId "4138147"]
[BlackFideId "24113433"]
[EventDate "2015.01.31"]

1. e4 e5 2. Nf3 Nc6 3. Bb5 a6 4. Ba4 Nf6 5. d3 b5 6. Bb3 Bc5 7. Nc3 d6 8. Nd5 h6
9. c3 Rb8 10. O-O O-O 11. h3 Ba7 12. Re1 Re8 13. a3 Bb7 14. Ba2 Nxd5 15. Bxd5
Ne7 16. Bxb7 Rxb7 17. Nh4 c6 18. Qh5 Rf8 19. Be3 Bxe3 20. Rxe3 Kh7 21. d4 g6 22.
Qe2 exd4 23. cxd4 c5 24. Nf3 Nc6 25. Rd1 Qb6 26. dxc5 dxc5 27. e5 Re7 28. h4 Rd8
29. h5 Rxd1+ 30. Qxd1 Nd4 31. hxg6+ fxg6 32. Nxd4 cxd4 33. Re4 Qc5 34. b4 Qc3
35. Qxd4 Qxa3 36. e6 Qc1+ 37. Kh2 Qg5 38. Rf4 Rg7 39. g3 Qe7 40. Qd5 h5 41. Qc6
g5 42. Re4 Qf6 43. Re2 Qe7 44. Rd2 h4 45. Rd7 Qf6 46. Qe4+ Kh6 47. Rd2 hxg3+ 48.
Kxg3 Re7 49. Re2 Kg7 50. Re3 Qa1 51. Qf5 Qg1+ 52. Kf3 Qd1+ 53. Kg2 Qh5 54. Rf3
Qe8 55. Qxg5+ Qg6 56. Rf7+ Rxf7 57. Qxg6+ Kxg6 58. exf7 Kxf7 59. Kf3 Ke6 60. Ke4
Kd6 61. Kd4 Kc6 62. f4 1-0